000 00552nam a2200193 a 4500
999 _c1526
_d1526
003 PK-NaQUE
005 20251007122130.0
008 251007b ||||| |||| 00| 0 eng d
020 _a0690019122 (paperback)
020 _a9780690019124 (paperback)
040 _cQUEST
100 1 _aMcRaven, Charles.
245 1 0 _aBuilding with Stone
260 _a[S.l.] :
_bLippincott Williams & Wilkins,
_c1980.
300 _a207 p. ;
650 _aBuilding, Stone
856 4 0 _uhttp://10.10.170.122:8080/browse/book/28643
_yDownload eBook
942 _cBK
_2ddc